The good, the bold, and the beautiful : the story of Susanna and its renaissance interpretations (Record no. 51106)

MARC details
000 -LEADER
fixed length control field 00708nam a2200205Ia 4500
008 - FIXED-LENGTH DATA ELEMENTS--GENERAL INFORMATION
fixed length control field 191130s2006##################000#0#eng##
020 ## - INTERNATIONAL STANDARD BOOK NUMBER
ISBN 9780567029911
082 ## - DEWEY DECIMAL CLASSIFICATION NUMBER
Classification number 229.6 CLA
100 ## - MAIN ENTRY--AUTHOR NAME
Personal name Clanton, Dan W
245 ## - TITLE STATEMENT
Title The good, the bold, and the beautiful : the story of Susanna and its renaissance interpretations
Statement of responsibility, etc Dan W. Clanton
260 ## - PUBLICATION, DISTRIBUTION, ETC. (IMPRINT)
Place of publication London
Name of publisher T & T Clark
Year of publication c2006
300 ## - PHYSICAL DESCRIPTION
Number of Pages vi, 213 p. : ill. ; 24 cm
500 ## - GENERAL NOTE
General note Includes bibliographical references and index
650 ## - SUBJECT ADDED ENTRY--TOPICAL TERM
Topical Term Bible. O.T. Apocrypha. History of Susanna - Criticism, interpretation, etc
991 ## -
-- 91464
Holdings
Withdrawn status Lost status Damaged status Not for loan Home library Current library Shelving location Date acquired Full call number Accession Number Price effective from Koha item type
        Anna Centenary Library Anna Centenary Library 3RD FLOOR, B WING 09.10.2020 229.6 CLA 451240 09.10.2020 English Books

Find us on the map